Civilisation UK : Dates importantes - Statistiques

Statistiques générales
  • Ce quiz a été pris 15 fois
    11 depuis la dernière actualisation
  • Le résultat moyen est 13 sur 62
Statistiques - réponses
Hint Réponse % Correct
Norman invasion by William the Conqueror(Guillaume le Conquérant) 1066
67%
Big caribbean immigration, not sure abouthuman rights though 1948
50%
They voted Leave 2016
50%
They left 2020
50%
Brexit
50%
Hundred Years War
50%
Magna Carta
50%
Victorian Era (Industrial Revolution)
50%
Windrush arrival
50%
James VI of Scotland becomes James I of England 1603
33%
Loss of the 13 American colonies 1776
33%
No more fighting 1998
33%
Traumatic terrorist attack 2005
33%
Second longest reign in history is over 2022
33%
American Declaration of Independence
33%
Battle of Hastings
33%
Brexit Referendum
33%
Commonwealth
33%
Death of Elizabeth II
33%
Elizabethan Era
33%
Good Friday Agreement
33%
Restoration
33%
War of the Roses
33%
Historical document that gave liberties to baronsand is fundamental in British civilization 1215
17%
No more catholicism ; Anglicanism begins 1534
17%
Charles I is executed, this new government isproclamated by Oliver Cromwell 1649
17%
William of Orange replaces the catholic Charles IIon the throne 1688
17%
The monarch needs the Parliament's approvalon laws 1689
17%
Creation of the Irish Free State 1921
17%
India is free, big sign of decolonization 1947
17%
Creation of Welsh and Scottish Parliaments 1999
17%
7/7 Bombings
17%
Act of Supremacy
17%
Act of Union
17%
Act of Union (second)
17%
Bill of Rights
17%
Devolution
17%
English Civil War
17%
Indian Independence Act
17%
Model Parliament
17%
Representation of the People Act
17%
Slavery Abolition Act
17%
The Troubles
17%
Union of the Crowns
17%
The first ever Parliament, under Edward I 1295
0%
Very long war against France 1337-1453
0%
War between houses of York and Lancaster 1455-1487
0%
Iconic era, Shakespeare lived during that time 1558-1603
0%
Cavaliers (Royalists) vs Roundheads (Parliamentarians) 1642-1651
0%
Charles II is back on the throne 1660
0%
England and Scotland merge to create theKingdom of Great Britain 1707
0%
Birth of the United Kingdom of Great Britain and Ireland 1801
0%
Expansion of voting rights 1832
0%
No more owning humans 1833
0%
Massive industrial expansion during this era 1837-1901
0%
No more potatoes, let's go to the US 1845-1852
0%
Women can vote 1918
0%
Irish and English are fighting 1967-1997
0%
Anglo-Irish Treaty
0%
Glorious Revolution
0%
Great Famine (Potato Famine)
0%
Great Reform Act
0%
Aucun quiz correspondant
Distribution des résultats
% des personnes avec chaque résultat
Percentile par nombre de réponses
Votre historique - résultats
Vous n’avez pas pris ce quiz depuis la dernière actualisation